Zlatom dláždená cesta Slovensko a Papua-Nová Guinea nemusia mať od seba ďaleko

Rozhovor s ministrom hospodárstva Papuy-Novej Guiney o procese transformácie hospodárstva za nezávislosť, ktorý sa začal v r.1969 oslobodením od koloniálnej nadvlády Austrálie. Možnosti prípadnej spolupráce Slovenska s Papuou-Novou Guineou v zahraničnom obchode, oblasti vzdelávania a i. Produkcia me...

Ausführliche Beschreibung

Gespeichert in:
Bibliographische Detailangaben
1. Verfasser: Bučeková, Andrea
Format: Buchkapitel
Sprache:Slowakisch
Schlagworte:
Tags: Tag hinzufügen
Keine Tags, Fügen Sie das erste Tag hinzu!

MARC

LEADER 00000naa a2200000 4500
001 r014893
005 20221205091018.7
041 0 |a slo 
044 |a SK 
245 1 0 |a Zlatom dláždená cesta  |b Slovensko a Papua-Nová Guinea nemusia mať od seba ďaleko  |c Andrea Bučeková 
520 |a Rozhovor s ministrom hospodárstva Papuy-Novej Guiney o procese transformácie hospodárstva za nezávislosť, ktorý sa začal v r.1969 oslobodením od koloniálnej nadvlády Austrálie. Možnosti prípadnej spolupráce Slovenska s Papuou-Novou Guineou v zahraničnom obchode, oblasti vzdelávania a i. Produkcia medi v Papue-Novej Guinei za roky 1987-2000. 
610 2 0 |a Papua-Nová Guinea 
610 2 0 |a situácia hospodárska 
610 2 0 |a ťažba surovín 
610 2 0 |a meď 
610 2 0 |a obchod zahraničný 
610 2 0 |a vývoz 
610 2 0 |a dovoz 
610 2 0 |a spolupráca hospodárska medzinárodná 
610 2 0 |a Slovensko 
100 1 |a Bučeková, Andrea